| 000 | 00365 a2200133 4500 | ||
|---|---|---|---|
| 082 | _a954.95494 | ||
| 090 |
_c1245 _d1245 |
||
| 100 | _a Jah, S. Asif. | ||
| 245 |
_aPakistan Dunya-i-Islam ki Pehli Atomi Qowat _cS. Asif Jah, |
||
| 260 |
_a Lahore: _bAlhamad publications, _c1999. |
||
| 300 |
_a 304 p. ; _c23 cm. |
||
| 500 | _aIncludes Index | ||
| 942 |
_cBK _k954.95494 JAH |
||
| 999 |
_c5203 _d5203 |
||